Glasdtone and Disraeli

The aims of this book are provide a set of key documents illustrating the careers of Glasdtone and Disraeli and to suggest, by a series of questions and sample answers, how the source material can best be analysed and interpreted

Zapisane w:
Opis bibliograficzny
1. autor: Michael J Lynch
Format: Książka
Język:Undetermined
Wydane: London Hodder and Stoughton 1991
Hasła przedmiotowe:
Etykiety: Dodaj etykietę
Nie ma etykietki, Dołącz pierwszą etykiete!
Thư viện lưu trữ: Trung tâm Học liệu Trường Đại học Cần Thơ
LEADER 00776nam a2200205Ia 4500
001 CTU_14915
008 210402s9999 xx 000 0 und d
020 |b 20.34df 
082 |a 941.081 
082 |b L987 
100 |a Michael J Lynch 
245 0 |a Glasdtone and Disraeli 
245 0 |c Michael J Lynch 
260 |a London 
260 |b Hodder and Stoughton 
260 |c 1991 
520 |a The aims of this book are provide a set of key documents illustrating the careers of Glasdtone and Disraeli and to suggest, by a series of questions and sample answers, how the source material can best be analysed and interpreted 
650 |a glasdtone and disraeli - ( history at sources ) 
904 |i Minh, 970107 
980 |a Trung tâm Học liệu Trường Đại học Cần Thơ